| 000 | 00881pam a2200289 i 4500 | ||
|---|---|---|---|
| 008 | |||
| 020 | _a0051406910 (hbk.) | ||
| 049 | _aMAIN | ||
| 090 | _aQR46MIC | ||
| 245 | 0 | 0 |
_aMicrobiology, including immunology and molecular genetics / _cBernard D. Davis ... [et al.] ; with 19 additional contributors. |
| 250 | _a3rd ed. | ||
| 260 |
_a Hagerstown, Md. : _bHarper & Row, _cc1980. |
||
| 300 |
_axix, 1355 p. : _bill. ; _c26 cm. |
||
| 500 | _aIncludes index. | ||
| 504 | _aIncludes bibliographical references. | ||
| 650 | 0 | _aMedical microbiology. | |
| 650 | 0 | _aImmunology. | |
| 650 | 0 | _aMolecular genetics. | |
| 650 | 2 | _aMicrobiology. | |
| 650 | 2 | _aImmunity. | |
| 700 | 1 | _aDavis, Bernard D. | |
| 907 |
_a.b10220495 _b24-04-12 _c22-11-06 |
||
| 003 | |||
| 005 | 20230123134307.0 | ||
| 040 | _cNUST | ||
| 942 |
_cBOOKS _kQR46MIC |
||
| 999 |
_c163397 _d163397 |
||